Normal view
MARC view
- ALESSANDRA, ANTHONY J,HUNSAKER, PHILIP L
Entry Personal Name
001 - CONTROL NUMBER
- control field: 74469
003 - CONTROL NUMBER IDENTIFIER
- control field: NUST
005 - DATE AND TIME OF LATEST TRANSACTION
- control field: 20210628205226.0
008 - FIXED-LENGTH DATA ELEMENTS
- fixed length control field: 210628|| aca||aabn | a|a d
040 ## - CATALOGING SOURCE
- Original cataloging agency: NUST
- Transcribing agency: NUST
100 ## - HEADING--PERSONAL NAME
- Personal name: ALESSANDRA, ANTHONY J,HUNSAKER, PHILIP L
670 ## - SOURCE DATA FOUND
- Source citation: Work cat.: (NUST): ALESSANDRA, ANTHONY J,HUNSAKER, PHILIP L, THE ART OF MANAGING PEOPLE, 1980
